00000000ngm##2200000za#4500
0019.670133
003CaOODSP
00520210615125307
007vd |v||||
008150407|2007||||xxc--- |     fq   v|eng|d
040 |aCaOODSP|beng
041 |aeng
041 |afre
043 |an-cn---
0861 |aK21-1/2007-DVD
1102 |aCanada Council for the Arts.
24510|a50th annual report, Canada Council for the Arts, 2006-2007 |h[video recording]
260 |aOttawa - Ontario : |bCanada Council for the Arts |c[2007].
300 |a1 disc.|bgraphs, tables, photographs
5203 |aPresents the activities of the Canada Council for the Arts during the fiscal year. It reports on the Council’s arts programs, endowments, and prizes. The Canada Council offers a broad range of grants and services to professional Canadian artists and arts organizations, and promotes public awareness of the arts.
590 |a08-19|b2008-05-09
69007|aArts|2gcpds
69007|aAnnual reports|2gcpds
7760#|t50e rapport annuel, Conseil des Arts, 2006-2007 |w(CaOODSP)9.670132
792 |t50e rapport annuel, Conseil des Arts du Canada, 2006-2007 |efre|w(CaOODSP)9.670134